000 00867nam a22002417a 4500
003 UA-OsUOA
001 77509
007 ta
008 20110915b un ||||| |||| 00| 0 ukr d
100 _aБаранник И.Н.
090 _a343.6
_bБ24
942 _cBK
040 _aUA-OsUOA
_brus
_cUA-OsUOA
_dUA-OsUOA
245 _aТранснациональная организованная преступность и сотрудничество стран Азиатско-Тихоокеанского региона в борьбе с ней
300 _a246 с.
955 _a2
041 _arus
080 _a343.6
020 _a5-87817-056-6
260 _aМ.
_bРоссийская криминологическая ассоциация
_c2007
650 7 _a343 Кримінальне право. Карні порушення
_2UDC
999 _c363814
_d363814